Guess the 1970s song lyrics #316 - Statistics

General Stats
  • This quiz has been taken 15 times
  • The average score is 143 of 263
Answer Stats
Answer % Correct
a
100%
I
100%
and
92%
And
92%
me
92%
the
92%
to
92%
To
92%
we
92%
We
92%
will
92%
You
92%
you
92%
go
85%
I'm
85%
your
85%
her
77%
It
77%
it
77%
love
77%
Love
77%
Oh
77%
oh
77%
that
77%
Well
77%
all
69%
But
69%
by
69%
If
69%
in
69%
it's
69%
its
69%
It's
69%
no
69%
No
69%
so
69%
for
62%
know
62%
mine
62%
too
62%
did
54%
don't
54%
just
54%
not
54%
our
54%
saw
54%
take
54%
that's
54%
things
54%
want
54%
Yeah
54%
yeah
54%
Baby
46%
come
46%
eye
46%
hard
46%
Hard
46%
knew
46%
or
46%
two
46%
Yes
46%
Yours
46%
yours
46%
end
38%
night
38%
think
38%
wouldn't
38%
Cause
31%
find
31%
gotta
31%
let
31%
really
31%
said
31%
star
31%
takes
31%
they're
31%
time
31%
twinkle
31%
easy
23%
grow
23%
last
23%
Listen
23%
lit
23%
long
23%
love's
23%
people
23%
shooting
23%
some
23%
Some
23%
talkin
23%
while
23%
bout
15%
burned
15%
fire
15%
sky
15%
slow
15%
whoa
15%
Whoa
15%
across
8%
beauty
8%
blazed
8%
bound
8%
deep
8%
Especially
8%
fast
8%
game
8%
happen
8%
inside
8%
lose
8%
path
8%
play
8%
shame
8%
strong
8%
wild
8%
No matching quizzes found
Score Distribution
Percent of People with Each Score
Percentile by Number Answered
Your Score History
You have not taken this quiz